Ausgestorbene Tiere Asiens - Karten Quiz - Statistiken

Allgemein
  • Dieses Quiz wurde 19 mal gespielt
  • Das Durchschnittsergebnis liegt bei 5 aus 15
Antworten auf der Karte
Die Antworten werden auf der Karte rot bzw. grün angezeigt, abhängig davon wie oft sie richtig erraten wurden.
 
Antwortstatistiken
Antwort % Korrekt
Jangtse-Flussdelfin (2002)
80%
Honshū-Wolf (1905)
73%
Cebu-Pustelschwein (1990er)
53%
Javakiebitz (1940)
53%
Kaukasus-Elch (frühes 20. Jh.)
47%
Syrischer Halbesel (1928)
47%
Annamitisches Java-Nashorn (2010)
27%
Bennu-Reiher (vor 4500 Jahren)
27%
Europäischer Wildesel (vor 3000-3200 Jahren)
27%
Kouprey (1969)
27%
Kaspischer Tiger (1970)
20%
Syrdarja-Schaufelstör (1960er)
20%
Günthers Zwergfrosch (nach 1882)
13%
Rosenkopfente (1950er)
7%
Schomburgk-Hirsch (1938)
7%
Keine übereinstimmenden Quizze gefunden
Verteilung der Resultate
Anzahl Personen mit jedem Resultat
Perzentil nach korrekt beantworteten Fragen
Ihre Resultats-Entwicklung
Sie haben dieses Quiz noch nicht gespielt